00361nam a2200181Ia 4500003000900000008004100009040001300050040001300063041000800076100001200084245002400096250000900120260001200129260000900141300001100150300001200161490000600173IT-RoPAU120407s9999 xx 000 0 und d aIT-RoPAU cIT-RoPAU aita aPlatone aApologia di Socrate aBari aLaterza c1954 a126 p. c20,5 cm v1